UBT Library

Start your own business : (Record no. 40662)

000 -LEADER
fixed length control field 00908cam a2200265 a 4500
001 - CONTROL NUMBER
control field 14591712
005 - DATE AND TIME OF LATEST TRANSACTION
control field 20180122073039.0
008 - FIXED-LENGTH DATA ELEMENTS--GENERAL INFORMATION
fixed length control field 061012s2007 caua 001 0 eng
010 ## - LIBRARY OF CONGRESS CONTROL NUMBER
LC control number 2006034043
020 ## - INTERNATIONAL STANDARD BOOK NUMBER
International Standard Book Number 9781599180816 (pbk.)
020 ## - INTERNATIONAL STANDARD BOOK NUMBER
International Standard Book Number 1599180812 (pbk.)
035 ## - SYSTEM CONTROL NUMBER
System control number (OCoLC)ocm72871372
035 ## - SYSTEM CONTROL NUMBER
System control number (OCoLC)72871372
040 ## - CATALOGING SOURCE
Original cataloging agency DLC
Transcribing agency DLC
Modifying agency YDX
-- BAKER
-- BTCTA
-- GK8
-- DPL
-- YDXCP
-- VP@
-- QBX
-- DLC
041 ## - LANGUAGE CODE
Language code of text/sound track or separate title eng
080 ## - UNIVERSAL DECIMAL CLASSIFICATION NUMBER
Universal Decimal Classification number 658.041 RIE
082 00 - DEWEY DECIMAL CLASSIFICATION NUMBER
Classification number 658.041 RIE
Edition number 22
100 ## - Rafti
Rafti 59
101 ## - Shkurtesa
Shkurtesa BUS
245 00 - TITLE STATEMENT
Title Start your own business :
Statement of responsibility, etc Rieva Lesonsky.
246 3# - VARYING FORM OF TITLE
Title proper/short title Entrepreneur magazine's Start your own business
906 ## - LOCAL DATA ELEMENT F, LDF (RLIN)
a 7
b cbc
c orignew
d 1
e ecip
f 20
g y-gencatlg
942 ## - ADDED ENTRY ELEMENTS (KOHA)
Source of classification or shelving scheme
Item type Books
Holdings
Withdrawn status Lost status Source of classification or shelving scheme Damaged status Not for loan Collection code Permanent location Current location Shelving location Date acquired Total Checkouts Full call number Barcode Date last seen Price effective from Koha item type
          Koleksioni i përgjithshem UBT - Lipjan UBT - Lipjan Koleksioni i përgjithshem 01/22/2018   658.041 RIE 002-2996017 01/22/2018 01/22/2018 Books
UBT Library © 2015-2024. All rights reserved University Education for Business and Technology